LEADER 01457nam0 2200361 450 001 000027958 005 20131022152607.0 100 $a20100910d1982----km-y0itaa50------ba 101 1 $aita 102 $aIT 200 1 $aOpere tedesche$fMeister Eckhart$gintroduzione, traduzione e note di Marco Vannini 210 $aFirenze$c<> Nuova Italia$d1982 215 $aLXXXIX, 270 p.$d22 cm 225 2 $aClassici della filosofia$v14 410 0$12001$aClassici della filosofia$v14 454 1$12001$aDeutsche Werke$924834 676 $a189$v(22. ed.)$9Filosofia occidentale medievale 676 $a230$v(22. ed.)$9Cristianesimo. Teologia Cristiana 700 0$aEckhart$c$0198280 702 1$aVannini,$bMarco$f<1948- > 801 0$aIT$bUniversità della Basilicata - B.I.A.$gRICA$2unimarc 912 $a000027958 996 $aDeutsche Werke$924834 997 $aUNIBAS BAS $aLETTERE CAT $aTTM$b30$c20100910$lBAS01$h1131 CAT $aATR$b20$c20100910$lBAS01$h1409 CAT $aTTM$b30$c20100913$lBAS01$h0949 CAT $aTTM$b30$c20130219$lBAS01$h1458 CAT $aTTM$b30$c20131022$lBAS01$h1526 FMT Z30 -1$lBAS01$LBAS01$mBOOK$1BASA1$APolo Storico-Umanistico$2FMAS$BFondo Masini$3FMas/817/3671$6817/3671$5B817/3671$820100910$e616$f04$FPrestabile Didattica Z30 -1$lBAS01$LBAS01$mBOOK$1BASA1$APolo Storico-Umanistico$2FMAS$BFondo Masini$3FP/48539$648539$5L48539$820120315$f04$FPrestabile Didattica LEADER 00794nam a2200241 i 4500 001 991000990499707536 008 050426 2001 it ita 020 $a8815082522 035 $ab13303648-39ule_inst 040 $aDip.to Filosofia$bita 082 0 $a193 100 1 $aGentili, Carlo $0162374 245 10$aNietzsche /$cCarlo Gentili 260 $aBologna :$bIl Mulino,$c2001 300 $a410 p. ;$c21 cm 440 0$aSaggi ;$v546 600 10$aNietzsche, Friedrich 907 $a.b13303648$b21-09-06$c26-04-05 912 $a991000990499707536 945 $aLE005 193 NIE01. GEN01. 01$g1$i2005000166488$lle005$o-$pE21.69$q-$rl$s- $t0$u23$v16$w23$x0$y.i14056768$z26-04-05 996 $aNietzsche$9678936 997 $aUNISALENTO 998 $ale005$b26-04-05$cm$da $e-$fita$git $h0$i0